[Event "WchT Blitz Pool C"]
[Site "London"]
[Date "2025.06.14"]
[Round "6.4"]
[White "Erdogmus, Yagiz Kaan"]
[Black "Blokhin, Sofia"]
[Result "1-0"]
[WhiteElo "2626"]
[BlackElo "2057"]
[PlyCount "109"]
[EventDate "2025.06.14"]
[EventType "team-tourn"]
[EventRounds "13"]
[EventCountry "ENG"]
[SourceTitle "CB25_2025"]
[SourceDate "2025.06.18"]
[SourceVersion "1"]
[SourceVersionDate "2025.06.18"]
[SourceQuality "1"]
[WhiteTeam "Generation XYZA"]
[BlackTeam "OlalaStars"]
[WhiteTeamCountry "TUR"]
[BlackTeamCountry "EST"]

1. Nf3 g6 2. e4 c5 3. Nc3 Bg7 4. Bc4 Nc6 5. a3 d6 6. h3 Nf6 7. d3 0-0 8. Be3 a6 9. a4 e6 10. Bb3 b6 11. 0-0 d5 12. Bg5 d4 13. Ne2 e5 14. Bd5 Qd6 15. Bxc6 Qxc6 16. Nxe5 Qc7 17. Nc4 Be6 18. Bf4 Qc6 19. Ne5 Qb7 20. Qd2 Rfe8 21. Nf3 Qd7 22. Be5 Bxh3 23. gxh3 Qxh3 24. Bxf6 Qxf3 25. Bxg7 Kxg7 26. Rae1 Re5 27. Qf4 Qxf4 28. Nxf4 Rg5+ 29. Ng2 h5 30. f4 Rg4 31. Kh2 h4 32. Rf3 Rh8 33. Rh3 f6 34. e5 fxe5 35. Rxe5 Kf6 36. a5 bxa5 37. Rxc5 Re8 38. Rxh4 Rxh4+ 39. Nxh4 Re2+ 40. Kg3 Re3+ 41. Kg4 a4 42. Rc6+ Kf7 43. Nxg6 Re1 44. Ne5+ Kg7 45. Rxa6 Re2 46. Rxa4 Rxc2 47. Rb4 Rg2+ 48. Kf5 Rc2 49. Rb7+ Kg8 50. b4 Rf2 51. b5 Rb2 52. Kf6 Rf2 53. f5 Kh8 54. Ng6+ Kg8 55. Rg7# 1-0

[Event "WchT Blitz Pool C"]
[Site "London"]
[Date "2025.06.14"]
[Round "1.4"]
[White "Erdogmus, Yagiz Kaan"]
[Black "Shogdzhiev, Roman Sav"]
[Result "1/2-1/2"]
[WhiteElo "2626"]
[BlackElo "2402"]
[PlyCount "160"]
[EventDate "2025.06.14"]
[EventType "team-tourn"]
[EventRounds "13"]
[EventCountry "ENG"]
[SourceTitle "CB25_2025"]
[SourceDate "2025.06.18"]
[SourceVersion "1"]
[SourceVersionDate "2025.06.18"]
[SourceQuality "1"]
[WhiteTeam "Generation XYZA"]
[BlackTeam "Rookies"]
[WhiteTeamCountry "TUR"]
[BlackTeamCountry "KAZ"]

1. Nf3 d5 2. b3 Bf5 3. Ba3 Nd7 4. c4 e6 5. Bxf8 Nxf8 6. g3 Nf6 7. Bg2 Bxb1 8. Rxb1 N8d7 9. 0-0 c6 10. d4 0-0 11. e3 Qe7 12. Qc2 a5 13. Rfc1 Rac8 14. Qd2 Qb4 15. Qb2 a4 16. a3 Qxb3 17. Qa1 Qd3 18. Rxb7 Rb8 19. Bf1 Qf5 20. Nh4 Qe4 21. Rb4 c5 22. dxc5 Nxc5 23. cxd5 Qxd5 24. Rd4 Qh5 25. Bc4 Nb3 26. Bxb3 axb3 27. Qb2 Qb5 28. Rb4 Qd3 29. Rb1 Rxb4 30. axb4 Rc8 31. Qxb3 Qe2 32. Qd1 Qb5 33. Nf3 Ne4 34. Nd4 Qb7 35. Qf3 Rb8 36. b5 Nd2 37. Qxb7 Rxb7 38. Rd1 Ne4 39. Nc6 g5 40. Rd8+ Kg7 41. Rb8 Rxb8 42. Nxb8 Nd6 43. b6 Kf6 44. Nd7+ Ke7 45. Nc5 Kd8 46. Kg2 Nc4 47. b7 Kc7 48. Kf3 h5 49. g4 Ne5+ 50. Kg3 Nxg4 51. Nd7 Kxb7 52. h3 Nh6 53. Nf6 Nf5+ 54. Kf3 Nh4+ 55. Ke4 g4 56. hxg4 hxg4 57. Kf4 Kc7 58. Kxg4 Ng6 59. Kg5 Kd6 60. Ng8 Ne7 61. Nh6 f5 62. Nf7+ Kd7 63. Kf6 Nd5+ 64. Ke5 Nc3 65. Ng5 Nd1 66. Nh3 Ke7 67. Kd4 Kd6 68. Kd3 Nb2+ 69. Kc3 Na4+ 70. Kc4 Nb2+ 71. Kb3 Nd3 72. Kc3 Nc5 73. Ng5 Kd5 74. f3 Nd7 75. Kd3 e5 76. Ke2 e4 77. Nh3 exf3+ 78. Kxf3 Ne5+ 79. Kf4 Nc4 80. Kxf5 Nxe3+ 1/2-1/2

[Event "WchT Rapid"]
[Site "London"]
[Date "2025.06.11"]
[Round "1.3"]
[White "Erdogmus, Yagiz Kaan"]
[Black "Stepanyan, Henrik"]
[Result "1-0"]
[WhiteElo "2384"]
[BlackElo "2140"]
[PlyCount "73"]
[EventDate "2025.06.11"]
[EventType "team-swiss"]
[EventRounds "12"]
[EventCountry "ENG"]
[SourceTitle "CB25_2025"]
[SourceDate "2025.06.18"]
[SourceVersion "1"]
[SourceVersionDate "2025.06.18"]
[SourceQuality "1"]
[WhiteTeam "Generation XYZA"]
[BlackTeam "ANI"]
[WhiteTeamCountry "TUR"]
[BlackTeamCountry "ENG"]

1. Nf3 d5 2. b3 Nf6 3. e3 e6 4. Bb2 Be7 5. d4 0-0 6. Bd3 b6 7. Nbd2 Bb7 8. Ne5 Ne4 9. 0-0 Nd7 10. Nxd7 Qxd7 11. Nf3 Bf6 12. h4 c5 13. Ne5 Bxe5 14. dxe5 Qe7 15. Qg4 c4 16. Bxe4 dxe4 17. a4 cxb3 18. Ba3 Qc7 19. Bxf8 Rxf8 20. cxb3 Qxe5 21. Qg5 Qc3 22. Qe7 Ba6 23. Rfd1 Bd3 24. b4 a6 25. Qd6 a5 26. b5 Qc5 27. Qd7 h6 28. Rdc1 Qh5 29. Rc8 Rxc8 30. Qxc8+ Kh7 31. Qc7 Qg6 32. Qxb6 Be2 33. Qd6 Qf6 34. Qd4 Qxh4 35. b6 Qg4 36. Qe5 Ba6 37. Qxa5 1-0

[Event "WchT Rapid"]
[Site "London"]
[Date "2025.06.11"]
[Round "4.3"]
[White "Rendle, Thomas E"]
[Black "Erdogmus, Yagiz Kaan"]
[Result "0-1"]
[WhiteElo "2412"]
[BlackElo "2384"]
[PlyCount "80"]
[EventDate "2025.06.11"]
[EventType "team-swiss"]
[EventRounds "12"]
[EventCountry "ENG"]
[SourceTitle "CB25_2025"]
[SourceDate "2025.06.18"]
[SourceVersion "1"]
[SourceVersionDate "2025.06.18"]
[SourceQuality "1"]
[WhiteTeam "Sharks 4NCL"]
[BlackTeam "Generation XYZA"]
[WhiteTeamCountry "ENG"]
[BlackTeamCountry "TUR"]

1. d4 Nf6 2. c4 b6 3. Nc3 Bb7 4. Qc2 Nc6 5. Nf3 Nb4 6. Qb1 Bxf3 7. exf3 e6 8. a3 Nc6 9. Be3 g6 10. Be2 Bg7 11. 0-0 0-0 12. Rd1 Ne7 13. Qd3 Nf5 14. Rac1 c6 15. b4 d5 16. c5 Nd7 17. f4 a5 18. Bg4 axb4 19. axb4 bxc5 20. bxc5 Nxe3 21. fxe3 Ra3 22. Qe2 Qa5 23. Nb1 Ra2 24. Rc2 Ra1 25. Nd2 Rb8 26. Rxa1 Qxa1+ 27. Qf1 Qa3 28. Qe1 Bf6 29. h4 h5 30. Bh3 Bd8 31. Kh2 Ba5 32. Qg3 Qd3 33. e4 Qxc2 34. Bxe6 Nf8 35. f5 fxe6 36. Qxb8 Bxd2 37. exd5 Qxf5 38. d6 Qf4+ 39. Kh3 Qg4+ 40. Kh2 Qxh4+ 0-1

[Event "Titled Tuesday intern op 03rd Jan Late"]
[Site "Chess.com INT"]
[Date "2025.06.03"]
[Round "1"]
[White "Erdogmus, Yagiz Kaan"]
[Black "Argandona Riveiro, Inigo"]
[Result "1-0"]
[WhiteElo "2618"]
[BlackElo "2333"]
[PlyCount "59"]
[EventDate "2025.06.03"]
[EventType "swiss (blitz)"]
[EventRounds "11"]
[EventCountry "USA"]
[SourceTitle "CB24_2025"]
[SourceDate "2025.06.11"]
[SourceVersion "1"]
[SourceVersionDate "2025.06.11"]
[SourceQuality "1"]

1. b3 d6 2. Bb2 e5 3. c4 a5 4. d4 exd4 5. Bxd4 Nc6 6. Bb2 a4 7. Nf3 Nf6 8. e3 Be7 9. Be2 0-0 10. 0-0 Re8 11. Nc3 a3 12. Bc1 Bf8 13. h3 g6 14. Nb5 Bg7 15. Bxa3 Ne4 16. Rc1 Nc3 17. Nxc3 Rxa3 18. Qd2 Bf5 19. Nb5 Ra8 20. a3 Na5 21. Bd1 Qe7 22. Nfd4 Be4 23. Nc3 Bc6 24. Qd3 Be4 25. Qd2 Nc6 26. Nxe4 Qxe4 27. Bf3 Nxd4 28. Bxe4 Nxb3 29. Qc2 Nxc1 30. Rxc1 1-0

[Event "Sigeman & Co 30th"]
[Site "Malmo"]
[Date "2025.05.26"]
[Round "7"]
[White "L'Ami, Erwin"]
[Black "Erdogmus, Yagiz Kaan"]
[Result "1/2-1/2"]
[WhiteElo "2621"]
[BlackElo "2618"]
[PlyCount "80"]
[EventDate "2025.05.20"]
[EventType "tourn"]
[EventRounds "7"]
[EventCountry "SWE"]
[EventCategory "16"]
[SourceTitle "CB22_2025"]
[SourceDate "2025.05.28"]
[SourceVersion "1"]
[SourceVersionDate "2025.05.28"]
[SourceQuality "1"]

1. d4 d5 2. c4 dxc4 3. Nf3 Nf6 4. e3 c5 5. Bxc4 e6 6. 0-0 Nc6 7. Nc3 a6 8. d5 Nxd5 9. Nxd5 b5 10. Bb3 c4 11. Bxc4 bxc4 12. e4 Bb7 13. Re1 Bb4 14. Bg5 f6 15. Bd2 Bxd2 16. Qxd2 Rc8 17. Ne3 Qxd2 18. Nxd2 Ne5 19. Rec1 Ke7 20. f3 c3 21. Rxc3 Rxc3 22. bxc3 Rd8 23. Ndc4 Nxc4 24. Nxc4 Rc8 25. Na5 Bc6 26. Rc1 Bd7 27. Kf2 e5 28. Ke3 Be6 29. Nb3 Rb8 30. Rc2 Rb5 31. c4 Rb4 32. Kd3 Kd6 33. Nd2 Kc5 34. Kc3 Bxc4 35. a3 Ra4 36. Kb2 Kb5 37. Nb1 Kb6 38. Rd2 Kc7 39. Rc2 Kb6 40. Rd2 Kc7 1/2-1/2

[Event "Titled Tuesday intern op 01st Apr Late"]
[Site "Chess.com INT"]
[Date "2025.04.01"]
[Round "6"]
[White "Erdogmus, Yagiz Kaan"]
[Black "Barria Zuniga, Daniel"]
[Result "1-0"]
[WhiteElo "2618"]
[BlackElo "2341"]
[PlyCount "105"]
[EventDate "2025.04.01"]
[EventType "swiss (blitz)"]
[EventRounds "11"]
[EventCountry "USA"]
[SourceTitle "CB21_2025"]
[SourceDate "2025.05.21"]
[SourceVersion "1"]
[SourceVersionDate "2025.05.21"]
[SourceQuality "1"]

1. b3 d5 2. Bb2 Bg4 3. Nf3 Bxf3 4. exf3 e6 5. f4 Nf6 6. Be2 g6 7. 0-0 Bg7 8. d3 0-0 9. Nd2 c5 10. g3 Nc6 11. Nf3 Nd7 12. Bxg7 Kxg7 13. h4 Qf6 14. c4 a6 15. h5 b5 16. Kg2 Rfd8 17. cxd5 exd5 18. Nh2 Nd4 19. h6+ Kg8 20. Ng4 Qd6 21. Bf3 f5 22. Ne3 Nf6 23. Rc1 Ra7 24. Re1 Rc7 25. Kg1 b4 26. Bg2 Nb5 27. Qf3 Nc3 28. a4 a5 29. d4 cxd4 30. Nc2 Qb6 31. Qd3 Nfe4 32. Qxd4 Qxd4 33. Nxd4 Rdc8 34. Rc2 Kf7 35. Kh2 Kf6 36. f3 Nc5 37. Rd2 Re7 38. Rxe7 Kxe7 39. Bf1 Kf6 40. Bb5 Rc7 41. Bc6 Re7 42. g4 Re1 43. g5+ Ke7 44. Nxf5+ gxf5 45. g6 Re6 46. Rg2 Kf8 47. Be8 hxg6 48. Bxg6 Kg8 49. Bxf5+ Kh8 50. Bxe6 Nxe6 51. f5 Nf4 52. f6 Ne6 53. f7 1-0

[Event "Titled Tuesday intern op 01st Apr Late"]
[Site "Chess.com INT"]
[Date "2025.04.01"]
[Round "1"]
[White "Erdogmus, Yagiz Kaan"]
[Black "Hoeffer, David"]
[Result "1-0"]
[WhiteElo "2618"]
[BlackElo "2295"]
[PlyCount "121"]
[EventDate "2025.04.01"]
[EventType "swiss (blitz)"]
[EventRounds "11"]
[EventCountry "USA"]
[SourceTitle "CB21_2025"]
[SourceDate "2025.05.21"]
[SourceVersion "1"]
[SourceVersionDate "2025.05.21"]
[SourceQuality "1"]

1. d4 d5 2. Bf4 c5 3. e3 cxd4 4. exd4 Nc6 5. Nf3 Bg4 6. Nbd2 e6 7. c3 Bd6 8. Bxd6 Qxd6 9. Bd3 Nf6 10. 0-0 0-0 11. Re1 Rac8 12. Qb3 a6 13. Ne5 b5 14. a4 Na5 15. Qc2 Nc4 16. axb5 axb5 17. Nxg4 Nxg4 18. Bxh7+ Kh8 19. Bd3 Qxh2+ 20. Kf1 g6 21. Bxc4 bxc4 22. Qd1 Qh1+ 23. Ke2 Qxg2 24. Rh1+ Kg7 25. Qg1 Qxg1 26. Rhxg1 Nf6 27. Ra4 Ra8 28. Rga1 Rxa4 29. Rxa4 Rb8 30. Ra2 g5 31. Nf3 Ne4 32. Ne5 Rb7 33. Ke3 f6 34. Nxc4 Nxf2 35. b4 Ng4+ 36. Kf3 f5 37. Na5 Rc7 38. Rc2 Nf6 39. b5 Nd7 40. Nc6 Kf6 41. Rb2 Rb7 42. Rb1 e5 43. c4 dxc4 44. Na5 Rb6 45. Nxc4 Rb8 46. d5 e4+ 47. Ke3 Ne5 48. Na5 Ng4+ 49. Kd4 e3 50. Nc6 Re8 51. b6 e2 52. b7 f4 53. d6 f3 54. d7 Rf8 55. d8Q+ Rxd8+ 56. Nxd8 f2 57. b8Q e1Q 58. Qd6+ Kg7 59. Rb7+ Kg8 60. Qg6+ Kf8 61. Qf7# 1-0

[Event "Titled Tuesday intern op 01st Apr Late"]
[Site "Chess.com INT"]
[Date "2025.04.01"]
[Round "7"]
[White "Mekhitarian, Krikor Sevag"]
[Black "Erdogmus, Yagiz Kaan"]
[Result "0-1"]
[WhiteElo "2564"]
[BlackElo "2618"]
[PlyCount "66"]
[EventDate "2025.04.01"]
[EventType "swiss (blitz)"]
[EventRounds "11"]
[EventCountry "USA"]
[SourceTitle "CB21_2025"]
[SourceDate "2025.05.21"]
[SourceVersion "1"]
[SourceVersionDate "2025.05.21"]
[SourceQuality "1"]

1. Nf3 b6 2. c4 Bb7 3. Nc3 Nf6 4. d4 e6 5. e3 Bb4 6. Bd2 0-0 7. Bd3 d6 8. 0-0 Nbd7 9. a3 Bxc3 10. Bxc3 Qe7 11. b4 e5 12. Nd2 h5 13. e4 h4 14. f3 Nh5 15. Qe1 Qg5 16. Bc2 Nf4 17. g3 Nf6 18. Kh1 hxg3 19. hxg3 N6h5 20. gxf4 Nxf4 21. Qf2 g6 22. Rg1 Qf6 23. Rg3 Kg7 24. Kg1 Rh8 25. dxe5 dxe5 26. Nf1 Rh5 27. Ne3 Rah8 28. Kf1 Rh2 29. Qg1 Rh1 30. Ng4 Rxg1+ 31. Rxg1 Qe6 32. Bxe5+ Kg8 33. Nf6+ Kf8 0-1